Statistics for Rock/Metal Band by Lyric #1

Click here to take the quiz!

General Stats

  • This quiz has been taken 50 times
  • The average score is 3 of 15

Answer Stats

LyricBand% Correct
"I push my fingers into my eyes"Slipknot - Duality
54%
"I'm your dream, make you real"Metallica - Sad But True
52%
"Yeah, you really got me now"The Kinks - You Really Got Me
52%
"I don't ever want to feel, Like I did that day"Red Hot Chili Peppers - Under the Bridge
37%
"Has he thoughts within his head?"Black Sabbath - Iron Man
33%
"God money I'll do anything for you"Nine Inch Nails - Head Like a Hole
22%
"We're takin' over this town"Pantera - Cowboys From Hell
17%
"Let's play Twister, let's play Risk (yeah, yeah, yeah, yeah)"R.E.M. - Man on the Moon
15%
"I know the pieces fit 'cause I watched them fall away"Tool - Schism
15%
"In and around the lake"Yes - Roundabout
15%
"We get some rules to follow"Queens of the Stone Age - No One Knows
9%
"Feel the rhythm with your hands"Soundgarden - Spoonman
9%
"Fallen from grace 'cause I been away too long"Mastodon - Oblivion
7%
"Take me into the fight and I'm an easy brother"Kasabian - Fire
4%
"Bang, bang, bang, bang, Vamanos, vamanos"Clutch - Electric Worry
2%

Score Distribution

Percentile by Number Answered

Percent of People with Each Score

Your Score History

You have not taken this quiz